| 000 | 00477nam a22001337a 4500 | ||
|---|---|---|---|
| 005 | 20251030090141.0 | ||
| 008 | 251030b |||||||| |||| 00| 0 eng d | ||
| 050 |
_aRT82.3 _b.C74 |
||
| 245 |
_aCredentialing in Nursing: Contemporary Developments and Trends _binternal Vs external regulation _cedited by Hildegard E. Peplau |
||
| 260 |
_aKansas City, Missouri _bAmerican Nurses' Association _c1986 |
||
| 300 |
_aiii. 10p. _c28cm |
||
| 700 | _aPeplau, Hildegard E. | ||
| 942 |
_2lcc _cBK _n0 |
||
| 999 |
_c7921 _d7921 |
||